All First-Tier Cities in China - Statistics

General Stats
  • This quiz has been taken 108 times
    57 since last reset
  • The average score is 15 of 19
Answer Stats
City % Correct
Beijing
100%
Shanghai
98%
Chongqing
96%
Chengdu
93%
Tianjin
93%
Wuhan
93%
Guangzhou
91%
Xi’an
89%
Nanjing
84%
Shenzhen
84%
Hangzhou
82%
Changsha
76%
Qingdao
71%
Zhengzhou
67%
Ningbo
62%
Suzhou
62%
Hefei
49%
Dongguan
42%
Wuxi
29%
No matching quizzes found
Score Distribution
Percent of People with Each Score
Percentile by Number Answered
Your Score History
You have not taken this quiz since the last reset